000
00307nam a22001337a 4500
008
170203b xxu||||| |||| 00| 0 eng d
020
_a
9781878812209
041
_a
eng
080
_2
3RD
_a
61
100
_a
3
101
_a
SHM
245
_a
CASES IN HEALTH SERVICES MANAGEMENT
_c
RAKICH, J.S
942
_2
udc
_c
BK
999
_c
4417
_d
4417